Представление документа в формате MARC21

Поле Инд. ПП Название Значение
Тип записи a
Библиографический уровень a
001 Контрольный номер RU/IS/BASE/413898287
005 Дата корректировки 20140123210052.1
040 a Служба первич. каталог. НБ ТвГУ
b Код языка каталог. rus
e Правила каталог. PSBO
041 0_ a Код языка текста rus
098 b Факультет Педагогический
c Кафедра дошкольной педагогики и психологии
100 1_ a Автор Тарасова Е. А.
245 10 a Заглавие Агрессия в дошкольном возрасте
c Ответственность науч. рук. Э. В. Иванова
260 a Место издания Тверь
b Издательство Тверской государственный университет
c Дата издания 2005
504 a Библиография Библиогр.: с. 104
520 a Аннотация В статье говорится о методах преодоления агрессивного поведения у детей дошкольного возраста.
653 a Ключевые слова Педагогическая психология
653 1_ a Ключевые слова Дошкольники
653 1_ a Ключевые слова Агрессия
653 1_ a Ключевые слова Коррекционная работа
653 1_ a Ключевые слова Психолого-педагогическое взаимодействие
653 1_ a Ключевые слова Агрессивное поведение
653 1_ a Ключевые слова Труды Тверского государственного университета
700 1_ a Другие авторы Иванова, Элла Валерьевна
e Роль лиц науч. рук.
773 08 w Контрольный № источника 4b5db627-cb27-4031-be9e-89c4bae34487
t Название источника Традиции и новации в профессиональной подготовке будущего педагога
d Место и дата издания Тверь : Тверской государственный университет, 2005
g Прочая информация С. 102-104
901 t Тип документа a
920 a Оператор Корж